000 00645nam a2200229Ia 4500
003 OSt
005 20220923230243.0
006 a|||||r|||| 00| 0
007 ta
008 Pun
024 _a278,749
037 _cTextual
040 _aARTS
_cARTS
_bPun
041 _2Pun
_aPun
082 _aO153,1M95w, N1
100 _aਸਿੰਘ, ਪ੍ਰੇਮ, ਪ੍ਰੇਮ
245 0 _aਗੁਰਮੁਖ ਸਿੰਘ ਮੁਸਾਖ਼ਿਰ
260 _c1991
650 _aਪੰਜਾਬੀ ਸਾਹਿਤ
942 _hO153,1M95w, N1
_cTEXL
_2CC
999 _c383517
_d383517